Využitie prepočtových kalkulácií pri tvorbe nových výrobkov diplomová práca
Na minha lista:
| Autor principal: | |
|---|---|
| Autor Corporativo: | |
| Outros Autores: | |
| Formato: | Livro |
| Idioma: | eslovaco |
| Publicado em: |
Bratislava
2011
|
| Tags: |
Sem tags, seja o primeiro a adicionar uma tag!
|
MARC
| LEADER | 00000nbm a2200000 4500 | ||
|---|---|---|---|
| 001 | 0131335 | ||
| 005 | 20161109101659.4 | ||
| 041 | 0 | |a slo | |
| 044 | |a SK | ||
| 245 | 1 | 0 | |a Využitie prepočtových kalkulácií pri tvorbe nových výrobkov |b diplomová práca |c Martin Kadlec ; školiteľ: Miroslav Tóth |
| 264 | 1 | |a Bratislava |c 2011 | |
| 300 | |a 49 s. | ||
| 100 | 1 | |a Kadlec, Martin | |
| 700 | 1 | |a Tóth, Miroslav, 1961- | |
| 710 | 2 | |a Fakulta podnikového manažmentu EU. Katedra podnikovohospodárska | |